000 00455nam a22001817a 4500
003 MPLRDC
005 20220104124330.0
008 210129b ||||| |||| 00| 0 eng d
020 _a7-5411-0220-2
082 _a580.7 YGF
100 _a杨国辅、杨莉编
245 _a世界法律奇闻百科全书
_c
250 _a一版一刷
260 _a
_b四川文艺出版社
_c1988
300 _b
650 _a法学杂文
942 _cBK
_o580.7 YGF
999 _c18489
_d18479